Quelle est (était) la taille de ces personnalités 18 - Statistiques

Statistiques générales
  • Ce quiz a été pris 8 fois
  • Le résultat moyen est 2 sur 20
Statistiques - réponses
Hint Réponse % Correct
Laurent Blanc 1,92 m
43%
Peter Falk 1,68 m
29%
Franck Ribéry 1,70 m
29%
Matt Pokora 1,80 m
29%
Djibril Cissé 1,82 m
29%
Lady Gaga 1,55 m
14%
Serge Lama 1,79 m
14%
Zazie 1,80 m
14%
Patrick Fiori 1,81 m
14%
Antonio Banderas 1,85 m
14%
Sean Connery 1,88 m
14%
Jeannie Longo 1,64 m
0%
Fanny Ardant 1,74 m
0%
Laurent Ournac 1,76 m
0%
Alain Delon 1,77 m
0%
Pierre Richard 1,78 m
0%
Simon Baker 1,78 m
0%
Renaud 1,78 m
0%
Patrick Bruel 1,80 m
0%
Horst Tappert 1,91 m
0%
Aucun quiz correspondant
Distribution des résultats
% des personnes avec chaque résultat
Percentile par nombre de réponses
Votre historique - résultats
Vous n’avez pas pris ce quiz